000
00327nam a2200109Ia 4500
008
171211s9999 xx 000 0 und d
245
_a
Syntax and Semantics of Spatial P
245
_c
Anna Asbury, Berit Gehrke, and Jakub Dotlacil
260
_c
2008
650
_x
CULTURE
856
_u
http://down.ebook777.com/063/9027255032.pdf
999
_c
347798
_d
347798